Comuni del Veneto - Quiz n°2 - Statistics

Statistiche generali
  • Questo quiz è stato fatto 7 volte
  • Il punteggio medio è 66 su 294
Statistiche sulle risposte
Provincia Comune % Corretto
Padova
83%
Rovigo
83%
Venezia
83%
Jesolo
67%
San Donà di Piave
67%
Verona
67%
Rovigo Adria
50%
Verona Affi
50%
Cologna Veneta
50%
Eraclea
50%
Legnago
50%
Minerbe
50%
Rosolina
50%
Vo'
50%
Zimella
50%
Padova Abano Terme
33%
Albaredo d'Adige
33%
Angiari
33%
Arcole
33%
Arquà Petrarca
33%
Badia Calavena
33%
Badia Polesine
33%
Bardolino
33%
Bevilacqua
33%
Bonavigo
33%
Boschi Sant'Anna
33%
Bosco Chiesanuova
33%
Bussolengo
33%
Caorle
33%
Casaleone
33%
Castelnuovo del Garda
33%
Cavaion Veronese
33%
Cavallino-Treporti
33%
Cerea
33%
Chioggia
33%
Cittadella
33%
Colognola ai Colli
33%
Concamarise
33%
Dolcè
33%
Dolo
33%
Erbé
33%
Erbezzo
33%
Este
33%
Ferrara di Monte Baldo
33%
Fumane
33%
Garda
33%
Gazzo
33%
Gazzo Veronese
33%
Illasi
33%
Isola della Scala
33%
Isola Rizza
33%
Lavagno
33%
Lazise
33%
Loreo
33%
Meolo
33%
Mira
33%
Mirano
33%
Monselice
33%
Montagnana
33%
Monteforte d'Alpone
33%
Mozzecane
33%
Nogara
33%
Nogarole Rocca
33%
Noventa Padovana
33%
Oppeano
33%
Palù
33%
Pescantina
33%
Peschiera del Garda
33%
Piove di Sacco
33%
Roncà
33%
Ronco all'Adige
33%
Roverchiara
33%
Sanguinetto
33%
San Mauro di Saline
33%
San PIetro di Morubio
33%
Selva di Progno
33%
Sorgà
33%
Terrazzo
33%
Torri del Benaco
33%
Tregnago
33%
Trevenzuolo
33%
Velo Veronese
33%
Veronella
33%
Vestenanova
33%
Vigasio
33%
Villa Bartolomea
33%
Villafranca di Verona
33%
Villamarzana
33%
Zevio
33%
Agna
17%
Anguillara Veneta
17%
Venezia Annone Veneto
17%
Ariano nel Polesine
17%
Arquà Polesine
17%
Arre
17%
Arzergrande
17%
Bagnoli di Sopra
17%
Bagnolo di Po
17%
Baone
17%
Barbona
17%
Battaglia Terme
17%
Belfiore
17%
Boara Pisani
17%
Borgoricco
17%
Borgo Veneto
17%
Bosaro
17%
Bovolenta
17%
Brentino Belluno
17%
Brenzone sul Garda
17%
Brugine
17%
Buttapietra
17%
Cadoneghe
17%
Caldiero
17%
Calto
17%
Campagna Lupia
17%
Campodarsego
17%
Campodoro
17%
Campolongo Maggiore
17%
Camponogara
17%
Camposampiero
17%
Campo San Martino
17%
Canaro
17%
Canda
17%
Candiana
17%
Caprino Veronese
17%
Carceri
17%
Carmignano di Brenta
17%
Cartura
17%
Casale di Scodosia
17%
Castagnaro
17%
Castelbaldo
17%
Castel d'Azzano
17%
Castelguglielmo
17%
Castelmassa
17%
Castelnovo Bariano
17%
Cavarzere
17%
Ceggia
17%
Ceneselli
17%
Ceregnano
17%
Cerro Veronese
17%
Cervarese Santa Croce
17%
Cinto Caomaggiore
17%
Cinto Euganeo
17%
Codevigo
17%
Cona
17%
Concordia Sagittaria
17%
Conselve
17%
Corbola
17%
Correzzola
17%
Costa di Rovigo
17%
Costermano sul Garda
17%
Crespino
17%
Curtarolo
17%
Due Carrare
17%
Ficarolo
17%
Fiesso d'Artico
17%
Fiesso Umbertiano
17%
Fontaniva
17%
Fossalta di Piave
17%
Fossalta di Portogruaro
17%
Fossò
17%
Frassinelle Polesine
17%
Fratta Polesine
17%
Gaiba
17%
Galliera Veneta
17%
Galzignano Terme
17%
Gavello
17%
Giacciano con Baruchella
17%
Grantorto
17%
Granze
17%
Grezzana
17%
Gruaro
17%
Guarda Veneta
17%
Legnaro
17%
Lendinara
17%
Limena
17%
Loreggia
17%
Lozzo Atestino
17%
Lusia
17%
Malcesine
17%
Marano di Valpolicella
17%
Marcon
17%
Martellago
17%
Maserà di Padova
17%
Masi
17%
Massanzago
17%
Megliadino San Vitale
17%
Melara
17%
Merlara
17%
Mestrino
17%
Mezzane di Sotto
17%
Montecchia di Crosara
17%
Montegrotto Terme
17%
Musile di Piave
17%
Negrar di Valpolicella
17%
Noventa di Piave
17%
Occhibello
17%
Ospedaletto Euganeo
17%
Papozze
17%
Pernumia
17%
Pettorazza Grimani
17%
Piacenza d'Adige
17%
Pianiga
17%
Piazzola sul Brenta
17%
Pincara
17%
Piombino Dese
17%
Polesella
17%
Polverara
17%
Ponso
17%
Pontecchio Polesine
17%
Pontelongo
17%
Ponte San Nicolò
17%
Portogruaro
17%
Porto Tolle
17%
Porto Viro
17%
Povegliano Veronese
17%
Pozzonovo
17%
Pramaggiore
17%
Pressana
17%
Quarto d'Altino
17%
Rivoli Veronese
17%
Roveredo di Guà
17%
Roverè Veronese
17%
Rovolon
17%
Rubano
17%
Salizzole
17%
Salra
17%
Salzano
17%
San Bellino
17%
San Bonifacio
17%
San Giorgio delle Pertiche
17%
San Giorgio in Bosco
17%
San Giovanni Ilarione
17%
San Giovanni Lupatoto
17%
San Martino Buon Albergo
17%
San Martino di Lupari
17%
San Martino di Venezze
17%
San Michele al Tagliamento
17%
San Pietro in Gu
17%
San Pietro Viminario
17%
San Stino di Livenza
17%
Santa Giustina in Colle
17%
Santa Maria di Sala
17%
Sant'Ambrogio di Valpolicella
17%
Sant'Angelo di Piove di Sacco
17%
Sant'Anna d'Alfaedo
17%
Sant'Elena
17%
Sant'Urbano
17%
San Zeno di Montagna
17%
Saonara
17%
Scorzè
17%
Soave
17%
Solesino
17%
Sommacampagna
17%
Sona
17%
Spina
17%
Stanghella
17%
Stienta
17%
Stra
17%
Taglio di Po
17%
Teglio Veneto
17%
Teolo
17%
Terrassa Padovana
17%
Tombolo
17%
Torre di Mosto
17%
Torreglia
17%
Trebaseleghe
17%
Trecenta
17%
Tribano
17%
Urbana
17%
Valeggio sul Mincio
17%
Veggiano
17%
Vescovana
17%
Vighizzolo d'Este
17%
Vigodarzere
17%
Vigonovo
17%
Vigonza
17%
Villa del Conte
17%
Villadose
17%
Padova Villa Estense
17%
Villafranca Padovana
17%
Villanova del Ghebbo
17%
Villanova di Camposampiero
17%
Villanova Marchesana
17%
Albignesego
0%
Borgantino
0%
Casaelserugo
0%
Cazzano di Trimigna
0%
Noala
0%
Pstrengo
0%
San Pietro di Cariano
0%
Selvzzano Dentro
0%
Soccolongo
0%
VBovolone
0%
Nessun quiz corrispondente trovato
Distribuzione punteggi
Percentuale di utenti per punteggio
Percentile per numero di risposta
I tuoi punteggi nel tempo
Non hai fatto questo quiz